000 00353 a2200157 4500
001 170834
020 _a
040 _cMagnum
100 _aMachado, Angelo
240 1 0 _aChapeuzinho vermelho e o lobo-guara
_lpor
245 1 0 _aChapeuzinho vermelho e o lobo-guara
362 0 _a1899
440 1 _aMelhoramentos
697 _aIJ/GERAL
942 _cBK
999 _c170834
_d170834